Principles Of Vibration (Record no. 28189)

MARC details
000 -LEADER
fixed length control field 00336nam a22001457a 4500
003 - CONTROL NUMBER IDENTIFIER
control field OSt
005 - DATE AND TIME OF LATEST TRANSACTION
control field 20220127143749.0
008 - FIXED-LENGTH DATA ELEMENTS--GENERAL INFORMATION
fixed length control field 220127b |||||||| |||| 00| 0 eng d
020 ## - INTERNATIONAL STANDARD BOOK NUMBER
International Standard Book Number 0195685687
040 ## - CATALOGING SOURCE
Transcribing agency HU
082 ## - DEWEY DECIMAL CLASSIFICATION NUMBER
Edition number 2nd
Classification number 620.3
Item number 1
100 ## - MAIN ENTRY--PERSONAL NAME
Personal name Tongue Benson
9 (RLIN) 28901
245 ## - TITLE STATEMENT
Title Principles Of Vibration
942 ## - ADDED ENTRY ELEMENTS (KOHA)
Source of classification or shelving scheme Dewey Decimal Classification
Koha item type Books like text book referance book
Suppress in OPAC No
Holdings
Withdrawn status Lost status Source of classification or shelving scheme Damaged status Not for loan Home library Current library Shelving location Date acquired Total Checkouts Full call number Barcode Date last seen Copy number Price effective from Koha item type
    Dewey Decimal Classification     IoT Library IoT Library General Stacks 01/27/2022   620.3-TON-2002 IOTL0007130 01/27/2022 1 01/27/2022 Books like text book referance book
    Dewey Decimal Classification     IoT Library IoT Library General Stacks 01/27/2022   620.3-TON-2002 IOTL0007131 01/27/2022 2 01/27/2022 Books like text book referance book
    Dewey Decimal Classification     IoT Library IoT Library General Stacks 01/27/2022   620.3-TON-2002 IOTL0007132 01/27/2022 3 01/27/2022 Books like text book referance book
    Dewey Decimal Classification     IoT Library IoT Library General Stacks 01/27/2022   620.3-TON-2002 IOTL0007133 01/27/2022 4 01/27/2022 Books like text book referance book
    Dewey Decimal Classification     IoT Library IoT Library General Stacks 01/27/2022   620.3-TON-2002 IOTL0007134 01/27/2022 5 01/27/2022 Books like text book referance book
    Dewey Decimal Classification     IoT Library IoT Library General Stacks 01/27/2022   620.3-TON-2002 IOTL0007135 01/27/2022 6 01/27/2022 Books like text book referance book
    Dewey Decimal Classification     IoT Library IoT Library General Stacks 01/27/2022   620.3-TON-2002 IOTL0007136 01/27/2022 7 01/27/2022 Books like text book referance book
    Dewey Decimal Classification     IoT Library IoT Library General Stacks 01/27/2022   620.3-TON-2002 IOTL0007137 01/27/2022 8 01/27/2022 Books like text book referance book
    Dewey Decimal Classification     IoT Library IoT Library General Stacks 01/27/2022   620.3-TON-2002 IOTL0007138 01/27/2022 9 01/27/2022 Books like text book referance book
    Dewey Decimal Classification     IoT Library IoT Library General Stacks 01/27/2022   620.3-TON-2002 IOTL0007139 01/27/2022 10 01/27/2022 Books like text book referance book